000 01940ncm0a22003851 4500
001 RU\NLR\ONIZ\214612
005 20250626034736.0
010 _a5-98808-003-0
035 _aRU\NLR\ONIZ\Таня\5000002786\20160907152023
035 _a(NLR Aleph) 011273268
090 _a10829854
_c10829854
100 _a20160907d2005 |||y0rusy50 ca
101 0 _arus
102 _aRU
125 _azx
145 0 _au
200 1 _aГусли
_bНоты
_eгрупповое и индивидуал. обучение
_fЛ. А. Басурманова, Т. А. Рокитянская
210 _aМосква
_cНаследие ММК
_d2005
215 _a191 с.
_cилю., портр.
_d30 см
225 1 _aКаждый ребёнок - музыкант
313 _aСистематизация документа проведена по изданию - Методика классифицирования музыкальных произведений (нотных изданий) по таблицам Библиотечно-библиографических классификаций : метод. рекомендации / Гос. б-ка СССР им. В.И. Ленина.- М., 1977. Индексу ББК методических рекомендаций присваивается код ББК для научных библиотек - LBC/SL
686 _aЩ956.99(2Р)
_vLBC/SL
_2rubbk
700 1 _9z01790
_aБасурманова
_bЛ. А.
_4220
701 1 _9z02790
_aРокитянская
_bТ. А.
_gТатьяна Анатольевна
_4220
790 1 _9z01700
_aBasurmanova
_bL. A.
_4220
790 1 _9z02701
_aRokityanskaya
_bT. A.
_gTat`yana Anatol`yevna
_4220
801 0 _aRU
_bNLR
_c20160907
_gPSBO
801 1 _aRU
_bNLR
_c20160907
_2rusmarc
801 2 _aRU
_bNLR
_c20160907
852 _aNLR
_bМ
_p280758
_t2
852 _aNLR
_bМ
_j4/1513
_p280757
_t1
942 _cSCORE
980 _aNB
980 _aONIZ